000 00840cab a2200253 4500
001 ##L132910
008 060322n2006 000 0 eng u
035 _a(Sirsi) u132910
041 0 _aeng
100 1 _aBarrett, Claer
245 0 0 _aProperty Week supplement
_bScotland
260 _c2006
490 0 _aProperty Week
_c71(11) 17 March 2006, (18)
520 _aLooks at property development in Kenmore; office developments in Edinburgh and Glasgow; a shopping centre in Cumbernauld; the opening of an arcade in Edinburgh; and the Scottish industrial market.
590 _aIKA280306
650 2 4 _aKENMORE
650 2 4 _aEDINBURGH
650 2 4 _aGLASGOW
650 2 4 _aCUMBERNAULD
690 _aPROPERTY-COMMERCIAL PROPERTY-COMMERCIAL PROPERTY MARKET
700 1 _aEade, Christine
700 1 _aMcIntosh, Stewart
942 _n0
999 _c76687
_d76687